[Event "Politiken zt"]
[Site "Munkebo"]
[Date "1998.09.15"]
[Round "2.4"]
[White "Nielsen, Peter Heine"]
[Black "Brynell, Stellan"]
[Result "1/2-1/2"]
[WhiteElo "2515"]
[BlackElo "2485"]
[EventDate "1998.09.10"]
[PlyCount "114"]

1.e4 e6 2.d3 d5 3.Qe2 Nf6 4.Nf3 Be7 5.g3 Nc6 6.e5 Nd7 7.Bg2 O-O 8.O-O f6 
9.exf6 Nxf6 10.d4 Bd6 11.c4 Ne4 12.Nc3 Nxc3 13.bxc3 Bd7 14.Ng5 dxc4 15.
Nxe6 Bxe6 16.Qxe6+ Kh8 17.Qxc4 Qd7 18.Rb1 Rab8 19.Be3 Nd8 20.Qd3 c6 21.d5 
c5 22.Be4 g6 23.f4 Nf7 24.c4 Rfe8 25.Bc1 Bf8 26.Bb2+ Bg7 27.Bxg7+ Kxg7 28.
Qc3+ Kg8 29.Rbe1 Nd6 30.Bd3 Rxe1 31.Rxe1 Re8 32.Rxe8+ Qxe8 33.Qe5 Qxe5 34.
fxe5 Nf7 35.e6 Nd6 36.h4 Kg7 37.g4 Kf6 38.g5+ Ke5 39.Kg2 b5 40.cxb5 Kxd5 
41.e7 Ke6 42.a4 Kxe7 43.Kf3 Ke6 44.h5 gxh5 45.Bxh7 Ke5 46.Bc2 c4 47.Kg3 
Kd4 48.g6 Ne8 49.a5 Ke5 50.Kh4 Kf6 51.Kxh5 Kg7 52.b6 axb6 53.axb6 Nd6 54.
Kg5 c3 55.Kf4 Kf6 56.Ke3 Nc4+ 57.Kd4 Nxb6 1/2-1/2

[Event "Politiken zt"]
[Site "Munkebo"]
[Date "1998.09.15"]
[Round "2.4"]
[White "Stefansson, Hannes"]
[Black "Olafsson, Helgi"]
[Result "1-0"]
[WhiteElo "2535"]
[BlackElo "2505"]
[EventDate "1998.09.10"]
[PlyCount "55"]

1.e4 c5 2.Nf3 e6 3.d4 cxd4 4.Nxd4 a6 5.Bd3 Qb6 6.Nb3 Qc7 7.O-O Nf6 8.Kh1 
d6 9.f4 Be7 10.Qe1 Nbd7 11.c4 b6 12.Nc3 Bb7 13.Bd2 O-O 14.Qg3 Rfd8 15.Rae1
Bf8 16.Qh3 g6 17.f5 Re8 18.fxe6 Rxe6 19.Nd5 Nxd5 20.cxd5 Ree8 21.Rxf7 Kxf7
22.Qxh7+ Bg7 23.Rf1+ Nf6 24.Bg5 Qe7 25.Bxf6 Qxf6 26.Rxf6+ Kxf6 27.e5+ Kxe5
28.Qxg7+ 1-0

[Event "Politiken zt"]
[Site "Munkebo"]
[Date "1998.09.15"]
[Round "2.5"]
[White "Danielsen, Henrik"]
[Black "Wedberg, Tom"]
[Result "1-0"]
[WhiteElo "2510"]
[BlackElo "2475"]
[EventDate "1998.09.10"]
[PlyCount "111"]

1.f4 d5 2.b3 c5 3.e3 a6 4.Nf3 Nc6 5.Bb2 Bg4 6.h3 Bxf3 7.Qxf3 Qd6 8.g4 f6 
9.Bg2 e6 10.d3 Nge7 11.Nd2 O-O-O 12.O-O-O Qc7 13.Kb1 Qa5 14.h4 Kb8 15.g5 
f5 16.h5 Rg8 17.Qe2 Nc8 18.c4 Nb6 19.Rc1 Bd6 20.a3 Rge8 21.Rhd1 Bf8 22.Nf3
Nd7 23.Nh4 d4 24.e4 Ne7 25.Re1 Qc7 26.Qf2 g6 27.exf5 exf5 28.Re6 Bg7 29.
Rce1 Nf8 30.R6e2 Qd7 31.h6 Bh8 32.b4 Nc6 33.Bd5 cxb4 34.Bxc6 Qxc6 35.axb4 
Ne6 36.Qf3 Qd7 37.Ba3 Nc7 38.Rxe8 Rxe8 39.Rxe8+ Qxe8 40.Ng2 Qe6 41.Bb2 b5 
42.cxb5 Nxb5 43.Qd1 Nc3+ 44.Bxc3 dxc3 45.Ne1 Qd6 46.Qb3 Qe7 47.Nc2 Kb7 48.
Qg8 Qe2 49.Qxh7+ Kb6 50.Qxg6+ Kc7 51.Qf7+ Kb6 52.Qb3 Qf1+ 53.Ka2 Qxf4 54.
Qe6+ Kc7 55.Qe7+ Kb6 56.Qd8+ 1-0

[Event "Politiken zt"]
[Site "Munkebo"]
[Date "1998.09.15"]
[Round "2.5"]
[White "Nielsen, Peter Heine"]
[Black "Brynell, Stellan"]
[Result "1-0"]
[WhiteElo "2515"]
[BlackElo "2485"]
[EventDate "1998.09.10"]
[PlyCount "179"]

1.e4 e6 2.d3 c5 3.Nf3 Nc6 4.g3 g6 5.Bg2 Bg7 6.O-O Nge7 7.c3 O-O 8.Qe2 d5 
9.e5 Qc7 10.Bf4 h6 11.h4 b5 12.Re1 a5 13.Nbd2 Ba6 14.Nf1 b4 15.N1h2 Nf5 
16.Ng4 Qe7 17.Qd2 Kh7 18.Bh3 a4 19.cxb4 Nxb4 20.Bf1 d4 21.Nf6+ Bxf6 22.
exf6 Qxf6 23.Rec1 Qe7 24.a3 Nd5 25.Bg2 Nxf4 26.Qxf4 Rab8 27.Qd2 Rb3 28.Ne5
f6 29.Nc4 h5 30.Qa5 Bxc4 31.Rxc4 Rc8 32.Qxa4 Rxb2 33.Qa6 Nd6 34.Rac1 Nxc4 
35.Qxc8 Nb6 36.Qxc5 Qxc5 37.Rxc5 Rb1+ 38.Kh2 Kg7 39.Rc7+ Kf8 40.Rb7 Rb2 
41.Kg1 Na4 42.Ra7 Nc5 43.Bf1 Rb3 44.a4 Ra3 45.a5 e5 46.f4 e4 47.dxe4 d3 
48.a6 d2 49.Be2 Rxa6 50.Rxa6 Nxa6 51.Kf2 Nc5 52.Ke3 Ke7 53.Bf3 Nb3 54.Bd1 
Nc5 55.Bc2 Ke6 56.Kxd2 g5 57.Ke3 gxh4 58.gxh4 Kf7 59.Bd1 Kg6 60.Bf3 Kh6 
61.Be2 Kg6 62.Bc4 Nb7 63.Kd4 Nd6 64.Kd5 Nf7 65.Bb5 Nd8 66.Be8+ Kh6 67.Kd6 
Nb7+ 68.Ke6 Nc5+ 69.Kf5 Nd3 70.Bb5 Nc5 71.Be2 Nd7 72.Bf3 Kg7 73.Bxh5 Nb6 
74.Be2 Nd7 75.h5 Nc5 76.Bf3 Nd3 77.Kg4 Kh6 78.Kg3 Kg7 79.Be2 Nc5 80.Kf3 
Ne6 81.Ke3 Nc5 82.Bg4 Nb3 83.Kd3 Nc5+ 84.Kd4 Nb3+ 85.Kd5 Nc1 86.Kc4 Kf7 
87.e5 fxe5 88.fxe5 Kg7 89.e6 Kf6 90.h6 1-0

[Event "Politiken zt"]
[Site "Munkebo"]
[Date "1998.09.15"]
[Round "2.6"]
[White "Brynell, Stellan"]
[Black "Nielsen, Peter Heine"]
[Result "0-1"]
[WhiteElo "2485"]
[BlackElo "2515"]
[EventDate "1998.09.10"]
[PlyCount "102"]

1.e4 e5 2.Nf3 Nf6 3.Nc3 Nc6 4.Be2 Bb4 5.Nd5 Bc5 6.d3 h6 7.c3 d6 8.b4 Bb6 
9.a4 a5 10.Nxb6 cxb6 11.b5 Ne7 12.O-O Ng6 13.Be3 Ng4 14.Bc1 O-O 15.d4 Nf6 
16.Bd3 Qc7 17.Bd2 Be6 18.Qe2 Rac8 19.Rfc1 Bc4 20.Ne1 Rfe8 21.f3 d5 22.Bxc4
Qxc4 23.Qxc4 Rxc4 24.dxe5 Nxe5 25.Bf4 dxe4 26.fxe4 Nxe4 27.Be3 Nxc3 28.Kf1
Nxa4 29.Bf2 Rxc1 30.Rxc1 Nc5 31.Rd1 a4 32.Nc2 Ned3 33.Bd4 Ra8 34.Na3 Rd8 
35.Ba1 Rd6 36.Nc4 Re6 37.Bc3 f6 38.g3 Kf7 39.Ba1 g5 40.Bd4 Kg6 41.Ba1 Kf7 
42.h3 Kg6 43.Bc3 f5 44.Ba1 f4 45.gxf4 gxf4 46.Kg2 Re2+ 47.Kg1 f3 48.Rf1 
Rg2+ 49.Kh1 Nf2+ 50.Rxf2 Rxf2 51.Ne5+ Kf5 0-1

[Event "Politiken zt"]
[Site "Munkebo"]
[Date "1998.09.15"]
[Round "2.6"]
[White "Wedberg, Tom"]
[Black "Danielsen, Henrik"]
[Result "1-0"]
[WhiteElo "2475"]
[BlackElo "2510"]
[EventDate "1998.09.10"]
[PlyCount "107"]

1.e4 e6 2.d4 d5 3.Nc3 dxe4 4.Nxe4 Bd7 5.Nf3 Bc6 6.Neg5 Bd6 7.Bd3 Nf6 8.O-O
h6 9.Nh3 Nbd7 10.Re1 Bxf3 11.Qxf3 c6 12.Nf4 Qa5 13.c3 O-O-O 14.Ne2 Qc7 15.
Bf4 Bxf4 16.Nxf4 Kb8 17.Bc4 e5 18.Ne2 exd4 19.cxd4 Nb6 20.Bb3 Nbd5 21.Nc3 
Rd7 22.Na4 Re7 23.Rxe7 Qxe7 24.Qg3+ Ka8 25.Qxg7 Rg8 26.Qxh6 Qe4 27.Bxd5 
Nxd5 28.f3 Qxd4+ 29.Kh1 Qxa4 30.Qh7 Rf8 31.Qg7 Qb4 32.a3 Qe7 33.Rg1 f5 34.
Qxe7 Nxe7 35.Re1 Nd5 36.g3 Kb8 37.Kg2 Kc7 38.h4 f4 39.g4 Ne3+ 40.Kh3 Kd6 
41.Re2 c5 42.h5 Ke5 43.Kh4 Rg8 44.Rd2 Ke6 45.h6 b5 46.Kh5 Nd5 47.Re2+ Kf7 
48.g5 Ne3 49.Rd2 Nf5 50.Rd7+ Kf8 51.h7 Rh8 52.g6 a5 53.Kg5 Ng7 54.Rf7+ 1-0

[Event "Politiken zt"]
[Site "Munkebo"]
[Date "1998.09.16"]
[Round "3.1"]
[White "Djurhuus, Rune"]
[Black "Stefansson, Hannes"]
[Result "1/2-1/2"]
[WhiteElo "2495"]
[BlackElo "2535"]
[EventDate "1998.09.10"]
[PlyCount "64"]

1.e4 e5 2.Nc3 Nf6 3.Bc4 Nc6 4.d3 Bb4 5.Nf3 d5 6.exd5 Nxd5 7.O-O Bxc3 8.
bxc3 O-O 9.h3 Kh8 10.Re1 f6 11.Bd2 Be6 12.Bb3 Bf7 13.d4 exd4 14.cxd4 Nb6 
15.Bf4 Qd7 16.c3 Na5 17.Bxf7 Qxf7 18.Qc2 Rfe8 19.Nd2 Nac4 20.Qb3 c6 21.a4 
Qd5 22.Rxe8+ Rxe8 23.Nxc4 Qxc4 24.Qxc4 Nxc4 25.a5 g5 26.Bc7 Kg7 27.g4 Rc8 
28.Bg3 c5 29.a6 bxa6 30.Rxa6 cxd4 31.Rxa7+ Kg8 32.cxd4 Rd8 1/2-1/2

[Event "Politiken zt"]
[Site "Munkebo"]
[Date "1998.09.16"]
[Round "3.1"]
[White "Gausel, Einar"]
[Black "Akesson, Ralf"]
[Result "1/2-1/2"]
[WhiteElo "2540"]
[BlackElo "2510"]
[EventDate "1998.09.10"]
[PlyCount "123"]

1.d4 Nf6 2.Nf3 e6 3.g3 b6 4.Bg2 Bb7 5.c4 Be7 6.O-O O-O 7.Re1 d5 8.cxd5 
exd5 9.Nc3 Na6 10.Bf4 Ne4 11.Rc1 c5 12.dxc5 Naxc5 13.Be5 Re8 14.a3 Bf8 15.
Bd4 Qd7 16.e3 Rac8 17.Bxc5 Nxc3 18.Rxc3 bxc5 19.Qd3 Rcd8 20.Rd1 Qe7 21.h4 
Qf6 22.Rc2 h6 23.Rcd2 Re6 24.Ne1 Ba6 25.Qc2 d4 26.exd4 cxd4 27.Nd3 Rc8 28.
Qb1 Ree8 29.Nf4 d3 30.Nxd3 Rcd8 31.Nf4 Re1+ 32.Rxe1 Rxd2 33.b4 Qd4 34.Nh3 
Bc8 35.Qa1 Qxa1 36.Rxa1 Bd6 37.Rc1 Be6 38.Rc6 Be5 39.Nf4 Bd7 40.Rc5 Bd4 
41.Rd5 Bxf2+ 42.Kh2 Rxd5 43.Bxd5 Kf8 44.Bb3 Ke7 45.Kg2 Bd4 46.Kf3 g5 47.
hxg5 hxg5 48.Nd5+ Kd6 49.Ne3 f5 50.Bc2 Ke5 51.Nc4+ Kf6 52.Ne3 Bc6+ 53.Ke2 
Bd7 54.Kf3 Ke5 55.Nc4+ Ke6 56.a4 Bc3 57.b5 Be1 58.Ne3 Ke5 59.Nc4+ Ke6 60.
Ne3 Kf6 61.Nd5+ Ke6 62.Ne3 1/2-1/2

[Event "Politiken zt"]
[Site "Munkebo"]
[Date "1998.09.16"]
[Round "3.1"]
[White "Nielsen, Peter Heine"]
[Black "Wedberg, Tom"]
[Result "1/2-1/2"]
[WhiteElo "2515"]
[BlackElo "2475"]
[EventDate "1998.09.10"]
[PlyCount "32"]

1.Nf3 d5 2.d4 c5 3.c4 dxc4 4.e3 cxd4 5.Bxc4 d3 6.O-O Nf6 7.e4 e6 8.e5 Nfd7
9.Qxd3 Be7 10.Qe4 Nc6 11.Nc3 a6 12.a3 Qc7 13.Bf4 b5 14.Ba2 Bb7 15.Qe2 g5 
16.Bg3 g4 1/2-1/2

[Event "Politiken zt"]
[Site "Munkebo"]
[Date "1998.09.17"]
[Round "3.2"]
[White "Akesson, Ralf"]
[Black "Gausel, Einar"]
[Result "1-0"]
[WhiteElo "2510"]
[BlackElo "2540"]
[EventDate "1998.09.10"]
[PlyCount "102"]

1.e4 e5 2.Nf3 Nc6 3.d4 exd4 4.Nxd4 Qf6 5.Be3 Bc5 6.c3 Nge7 7.Bc4 Ne5 8.Be2
O-O 9.O-O Qg6 10.Nd2 d6 11.Bh5 Qf6 12.Kh1 Qh4 13.f4 Bg4 14.Bxg4 Nxg4 15.
Bg1 f5 16.N2f3 Qh5 17.exf5 Nxf5 18.Nxf5 Qxf5 19.Qb3+ Kh8 20.Bxc5 Qxc5 21.
Nd4 Qb6 22.Rae1 Qxb3 23.axb3 Rf7 24.b4 a6 25.g3 Nf6 26.Nb3 d5 27.Re5 Re8 
28.Nc5 c6 29.Rxe8+ Nxe8 30.Re1 Nf6 31.Re6 Kg8 32.Kg2 h5 33.Kf3 Rc7 34.h3 
Kf7 35.f5 Nd7 36.Kf4 Nf6 37.g4 hxg4 38.hxg4 d4 39.c4 b6 40.Nd3 Nd7 41.Rd6 
Ke7 42.Rxd4 c5 43.bxc5 Nxc5 44.Ne5 Nb3 45.Rd3 Na5 46.b3 b5 47.cxb5 axb5 
48.Kg5 Nb7 49.Kg6 Kf8 50.g5 b4 51.f6 gxf6 1-0

[Event "Politiken zt"]
[Site "Munkebo"]
[Date "1998.09.17"]
[Round "3.2"]
[White "Stefansson, Hannes"]
[Black "Djurhuus, Rune"]
[Result "1-0"]
[WhiteElo "2535"]
[BlackElo "2495"]
[EventDate "1998.09.10"]
[PlyCount "53"]

1.c4 e5 2.Nc3 Nc6 3.g3 f5 4.Bg2 Nf6 5.e3 g6 6.d4 e4 7.f3 exf3 8.Nxf3 Bg7 
9.d5 Nb8 10.O-O d6 11.Nd4 O-O 12.Nce2 Ng4 13.Nf4 Bxd4 14.exd4 Re8 15.Ne6 
Bxe6 16.dxe6 c6 17.h3 Nf6 18.d5 cxd5 19.cxd5 Na6 20.g4 fxg4 21.Qd4 gxh3 
22.Rxf6 hxg2 23.Rf7 Qb6 24.Rg7+ Kh8 25.Be3 Qxd4 26.Bxd4 Nc5 27.Rxg6# 1-0

[Event "Politiken zt"]
[Site "Munkebo"]
[Date "1998.09.17"]
[Round "3.2"]
[White "Wedberg, Tom"]
[Black "Nielsen, Peter Heine"]
[Result "1/2-1/2"]
[WhiteElo "2475"]
[BlackElo "2515"]
[EventDate "1998.09.10"]
[PlyCount "122"]

1.e4 e5 2.Nf3 Nf6 3.d4 Nxe4 4.Bd3 d5 5.Nxe5 Nd7 6.Nc3 Nxc3 7.bxc3 Bd6 8.
Nxd7 Bxd7 9.O-O O-O 10.Qh5 f5 11.Qf3 c6 12.Bf4 Qc7 13.Bxd6 Qxd6 14.Rfe1 
Rae8 15.Rxe8 Rxe8 16.a4 b6 17.g3 g6 18.Qf4 Qxf4 19.gxf4 Kf8 20.Kg2 Ke7 21.
h4 h5 22.c4 Kd6 23.f3 c5 24.dxc5+ Kxc5 25.cxd5 a5 26.Kf2 Kxd5 27.Rb1 Bxa4 
28.Rxb6 Bc6 29.Rb3 a4 30.Ra3 Kc5 31.c3 Rb8 32.Ke3 Rb2 33.Be2 Rb1 34.Bd3 
Rb2 35.Be2 Kb6 36.Ra1 Ka5 37.Bc4 Rh2 38.Rg1 Bb5 39.Bxb5 Kxb5 40.Rb1+ Ka5 
41.Rb8 Rxh4 42.Ra8+ Kb5 43.Rb8+ Kc4 44.Rb4+ Kxc3 45.Rxa4 Rh2 46.Ra6 Rg2 
47.Rc6+ Kb2 48.Rb6+ Kc1 49.Rb8 Kd1 50.Rb1+ Kc2 51.Ra1 Kc3 52.Rc1+ Kb4 53.
Rc8 Kb5 54.Rc1 Kb6 55.Rc8 Kb7 56.Rc1 Kb8 57.Kd3 Kb7 58.Ke3 Rb2 59.Rg1 Rb6 
60.Kf2 Kc7 61.Kg3 Kd7 1/2-1/2

[Event "Politiken zt"]
[Site "Munkebo"]
[Date "1998.09.18"]
[Round "3.3"]
[White "Wedberg, Tom"]
[Black "Nielsen, Peter Heine"]
[Result "1/2-1/2"]
[WhiteElo "2475"]
[BlackElo "2515"]
[EventDate "1998.09.10"]
[PlyCount "100"]

1.e4 e5 2.Nf3 Nf6 3.Nxe5 d6 4.Nf3 Nxe4 5.d4 d5 6.Bd3 Nc6 7.O-O Be7 8.c4 
Nb4 9.Be2 Bf5 10.Nc3 O-O 11.a3 Nxc3 12.bxc3 Nc6 13.Bf4 Na5 14.cxd5 Qxd5 
15.Bxc7 Rac8 16.Bxa5 Qxa5 17.c4 Bf6 18.Qb3 Qb6 19.Qxb6 axb6 20.Rfd1 Rfd8 
21.Ra2 Be4 22.d5 Bxf3 23.gxf3 Rd6 24.Bf1 Ra8 25.a4 Be7 26.Bd3 Ra5 27.Re1 
Bf8 28.Re8 g6 29.Rb8 Rf6 30.Kg2 Ra7 31.Re2 Kg7 32.Ree8 Bc5 33.Ra8 Rxa8 34.
Rxa8 Rd6 35.Rc8 Rd7 36.a5 Kf6 37.f4 Bd4 38.axb6 Bxb6 39.Rb8 Bc5 40.Kf3 b6 
41.Ra8 Re7 42.Ra1 Bd4 43.Rd1 Bc5 44.Ra1 Bd4 45.Ra8 Bc5 46.Bc2 Re1 47.Bd3 
Rh1 48.Kg3 Rg1+ 49.Kf3 Rh1 50.Kg3 Rg1+ 1/2-1/2

[Event "Politiken zt"]
[Site "Munkebo"]
[Date "1998.09.18"]
[Round "3.4"]
[White "Nielsen, Peter Heine"]
[Black "Wedberg, Tom"]
[Result "1-0"]
[WhiteElo "2515"]
[BlackElo "2475"]
[EventDate "1998.09.10"]
[PlyCount "51"]

1.Nf3 f5 2.g3 g6 3.Bg2 Bg7 4.O-O Nf6 5.d4 O-O 6.c4 d6 7.Nc3 c6 8.b3 Qe8 9.
Ba3 Na6 10.Qd3 Rb8 11.e4 b5 12.e5 Ng4 13.cxb5 cxb5 14.Nd5 b4 15.Bb2 e6 16.
Nf4 d5 17.Rac1 Rf7 18.Ng5 Rc7 19.Ngxe6 Bxe6 20.Qxa6 Rb6 21.Qxb6 axb6 22.
Rxc7 Bh6 23.Nxe6 Qxe6 24.h3 Nxf2 25.Kxf2 f4 26.g4 1-0

[Event "Politiken zt"]
[Site "Munkebo"]
[Date "1998.09.19"]
[Round "4.1"]
[White "Wedberg, Tom"]
[Black "Djurhuus, Rune"]
[Result "1-0"]
[WhiteElo "2475"]
[BlackElo "2495"]
[EventDate "1998.09.10"]
[PlyCount "145"]

1.e4 e6 2.d4 d5 3.Nc3 Bb4 4.e5 c5 5.a3 Bxc3+ 6.bxc3 Qc7 7.Nf3 b6 8.Bb5+ 
Bd7 9.Bd3 Ba4 10.h4 Ne7 11.h5 h6 12.Rh4 Nd7 13.dxc5 b5 14.Qe2 a6 15.Rg4 
Kf8 16.Rb1 Rc8 17.Rbb4 Nc6 18.Bf4 Nxc5 19.Rb1 Na5 20.Kf1 Nxd3 21.cxd3 Nb3 
22.Bd2 Kg8 23.Be1 Qc5 24.Rb4 Na5 25.Nd4 Nc6 26.Nxc6 Qxc6 27.Rg4 a5 28.Qe3 
Kh7 29.Rc1 Rhg8 30.Rf4 Rc7 31.Qf3 Qd7 32.Bd2 Qe7 33.Rg4 Rd8 34.Qf4 Qf8 35.
Re1 d4 36.cxd4 Rcd7 37.Re4 Bc2 38.Qe3 b4 39.axb4 a4 40.Rg3 a3 41.Reg4 a2 
42.Rxg7+ Qxg7 43.Rxg7+ Kxg7 44.Qxh6+ Kg8 45.Bc3 Bxd3+ 46.Kg1 Rc8 47.Qg5+ 
Kh7 48.Qd2 Bf5 49.Ba1 Rc2 50.Qg5 Rc8 51.Qd2 Rc2 52.Qg5 Rc8 53.Qd2 Rg8 54.
Qxa2 Be4 55.g3 Rc7 56.Qd2 Rc2 57.Qf4 Bf5 58.d5 Rg4 59.Qe3 Re4 60.Qa7 Re1+ 
61.Kh2 Kh6 62.Bd4 Be4 63.Be3+ Kg7 64.g4 Bxd5 65.Qe7 Rh1+ 66.Kg3 Rg1+ 67.
Kh4 Rc4 68.f3 Bxf3 69.Qf6+ Kg8 70.Qxf3 Rxb4 71.h6 Rbb1 72.Bxg1 Rxg1 73.Qf6
1-0

[Event "Politiken zt"]
[Site "Munkebo"]
[Date "1998.09.19"]
[Round "4.2"]
[White "Djurhuus, Rune"]
[Black "Gausel, Einar"]
[Result "1-0"]
[WhiteElo "2495"]
[BlackElo "2540"]
[EventDate "1998.09.10"]
[PlyCount "65"]

1.e4 e6 2.d4 d5 3.exd5 exd5 4.Nf3 Nf6 5.c4 Be7 6.Nc3 O-O 7.Bd3 c6 8.O-O 
dxc4 9.Bxc4 Bg4 10.Be3 Nbd7 11.h3 Bh5 12.g4 Nb6 13.Bb3 Bg6 14.Ne5 Nfd5 15.
Bd2 c5 16.Nxg6 hxg6 17.Nxd5 Nxd5 18.Qf3 Nb6 19.dxc5 Qxd2 20.cxb6 axb6 21.
Rad1 Qxb2 22.Rd7 Qf6 23.Qxf6 Bxf6 24.f4 Rae8 25.Kg2 Re7 26.Rfd1 g5 27.h4 
gxf4 28.g5 Rxd7 29.Rxd7 Bd8 30.g6 Bxh4 31.Bxf7+ Rxf7 32.Rxf7 Bd8 33.Kf3 
1-0

[Event "Politiken zt"]
[Site "Munkebo"]
[Date "1998.09.19"]
[Round "4.2"]
[White "Stefansson, Hannes"]
[Black "Akesson, Ralf"]
[Result "1-0"]
[WhiteElo "2535"]
[BlackElo "2510"]
[EventDate "1998.09.10"]
[PlyCount "49"]

1.e4 c5 2.Nf3 e6 3.d4 cxd4 4.Nxd4 Nf6 5.Nc3 d6 6.f4 a6 7.Be2 Be7 8.a4 O-O 
9.O-O Nc6 10.Be3 Qc7 11.Kh1 Nxd4 12.Qxd4 Bd7 13.e5 Ne8 14.Ne4 Bc6 15.Bd3 
Rd8 16.Qc3 Bxe4 17.Bxe4 Qxc3 18.bxc3 d5 19.Bd3 f5 20.Rab1 Rd7 21.Rb6 Bd8 
22.Rxe6 g6 23.Bc5 Ng7 24.Rd6 Rff7 25.e6 1-0

[Event "Politiken zt"]
[Site "Munkebo"]
[Date "1998.09.19"]
[Round "4.3"]
[White "Akesson, Ralf"]
[Black "Nielsen, Peter Heine"]
[Result "1/2-1/2"]
[WhiteElo "2535"]
[BlackElo "2510"]
[EventDate "1998.09.10"]
[PlyCount "71"]

1.d4 e6 2.c4 f5 3.g3 Nf6 4.Bg2 d5 5.Nd2 c6 6.Nh3 Bd6 7.O-O O-O 8.Nf3 b6 9.
Bf4 Ba6 10.cxd5 cxd5 11.Rc1 Ne4 12.Bxd6 Qxd6 13.Ne5 Nf6 14.Nf4 Bb7 15.Qa4 
Nbd7 16.Nxd7 Nxd7 17.Qa3 Qxa3 18.bxa3 Nf6 19.Nxe6 Rfc8 20.Nc7 Rab8 21.Nb5 
Ba6 22.Nd6 Rxc1 23.Rxc1 Bxe2 24.Nxf5 Bc4 25.a4 g6 26.Ne7+ Kf8 27.Nc6 Re8 
28.Nxa7 Ra8 29.Nb5 Rxa4 30.Nc3 Ra3 31.Bf1 Bxa2 32.Nxa2 Rxa2 33.Rc6 Kg7 34.
Rxb6 Ra4 35.Rb7+ Kh6 36.f3 1/2-1/2

[Event "Politiken zt"]
[Site "Munkebo"]
[Date "1998.09.19"]
[Round "4.3"]
[White "Gausel, Einar"]
[Black "Wedberg, Tom"]
[Result "1/2-1/2"]
[WhiteElo "2540"]
[BlackElo "2475"]
[EventDate "1998.09.10"]
[PlyCount "173"]

1.d4 Nf6 2.Nf3 e6 3.e3 c5 4.Bd3 Nc6 5.O-O d5 6.c3 Qc7 7.Nbd2 Be7 8.dxc5 
Bxc5 9.Qe2 Ne5 10.Nxe5 Qxe5 11.e4 Qh5 12.Bb5+ Kf8 13.Qxh5 Nxh5 14.Nb3 Bd6 
15.Rd1 Nf6 16.exd5 exd5 17.Bg5 Ne4 18.Be3 Be6 19.f3 Nf6 20.Nd4 a6 21.Ba4 
Rc8 22.Re1 h6 23.Rad1 b5 24.Bb3 Ke7 25.a3 Rhe8 26.Nc2 Bc5 27.Bxc5+ Rxc5 
28.Rd4 Kd6 29.Kf2 a5 30.Ne3 Rb8 31.Red1 Kc6 32.h4 g5 33.hxg5 hxg5 34.g4 
Rh8 35.Kg3 Rh7 36.R4d3 Kd6 37.Ba2 a4 38.Rd4 Kc6 39.Nc2 Kd6 40.Nb4 Rh8 41.
Re1 Rh6 42.Red1 Rh7 43.Bb1 Rh6 44.R4d2 Rc8 45.Rh2 Rxh2 46.Kxh2 Rh8+ 47.Kg3
Nd7 48.Bd3 Kc5 49.Be2 Nb6 50.Nd3+ Kd6 51.Nf2 Kc6 52.Rd4 Nc4 53.Bxc4 bxc4 
54.Rd2 f5 55.gxf5 Bxf5 56.Re2 Kd6 57.Ng4 Rh1 58.Ne3 Bd3 59.Rg2 Re1 60.Ng4 
d4 61.cxd4 Kd5 62.Ne5 Kxd4 63.Nf7 c3 64.bxc3+ Kxc3 65.Nxg5 Ra1 66.Ne4+ Kc4
67.Nd6+ Kd4 68.f4 Rxa3 69.Kg4 Ra1 70.f5 Ke5 71.Rd2 Rg1+ 72.Kf3 Ba6 73.Ra2 
Kxd6 74.Rxa4 Bc8 75.Ra5 Bb7+ 76.Kf4 Bd5 77.Ra6+ Bc6 78.Rb6 Kd5 79.Rb3 Rf1+
80.Rf3 Rd1 81.Re3 Bd7 82.f6 Be6 83.Kg5 Rg1+ 84.Kf4 Rg4+ 85.Kf3 Rg6 86.Ke2 
Rxf6 87.Kd3 1/2-1/2

[Event "Politiken zt"]
[Site "Munkebo"]
[Date "1998.09.19"]
[Round "4.4"]
[White "Djurhuus, Rune"]
[Black "Wedberg, Tom"]
[Result "1/2-1/2"]
[WhiteElo "2495"]
[BlackElo "2475"]
[EventDate "1998.09.10"]
[PlyCount "117"]

1.e4 e5 2.Bc4 Nf6 3.d3 Nc6 4.Nc3 Na5 5.Nge2 c6 6.a3 Nxc4 7.dxc4 d6 8.Bg5 
h6 9.Bh4 Be7 10.Qd3 Be6 11.f3 Qa5 12.Bf2 O-O 13.O-O Rfd8 14.Rfd1 d5 15.
cxd5 cxd5 16.exd5 Nxd5 17.b4 Nxc3 18.Qxc3 Qb5 19.Ng3 Rdc8 20.Qd3 Qc6 21.
Ne4 b6 22.Rac1 Rd8 23.Qe2 Rxd1+ 24.Qxd1 f5 25.Ng3 Bg5 26.Rb1 Rc8 27.Nf1 
Qxc2 28.Qxc2 Rxc2 29.a4 Rc1 30.Rxc1 Bxc1 31.a5 bxa5 32.bxa5 a6 33.Bb6 Kf7 
34.Kf2 Ke7 35.Ne3 Kd7 36.Ke2 Kc6 37.Kd3 Ba3 38.Nc4 e4+ 39.fxe4 fxe4+ 40.
Kd4 Bxc4 41.Kxc4 Bc1 42.g4 e3 43.Kd3 Kb5 44.h4 g6 45.h5 gxh5 46.gxh5 Bd2 
47.Bd4 Kxa5 48.Bg7 Bc1 49.Ke2 Kb5 50.Bxh6 Bb2 51.Bf8 a5 52.Kxe3 Kc4 53.Ke4
a4 54.h6 a3 55.Bg7 Kc5 56.Kd3 Bxg7 57.hxg7 a2 58.g8=Q a1=Q 59.Qc8+ 1/2-1/2

[Event "Politiken zt"]
[Site "Munkebo"]
[Date "1998.09.19"]
[Round "4.5"]
[White "Akesson, Ralf"]
[Black "Stefansson, Hannes"]
[Result "1/2-1/2"]
[WhiteElo "2510"]
[BlackElo "2535"]
[EventDate "1998.09.10"]
[PlyCount "76"]

1.d4 Nf6 2.c4 e6 3.Nc3 Bb4 4.e3 O-O 5.Bd3 d5 6.cxd5 exd5 7.Ne2 c5 8.a3 
cxd4 9.axb4 dxc3 10.Nxc3 Nc6 11.b5 Ne5 12.O-O Nxd3 13.Qxd3 Qb6 14.Ra4 Be6 
15.Bd2 Rfc8 16.Rfa1 h6 17.h3 Qc5 18.Rd4 Qb6 19.Rda4 Qc5 20.Be1 Bd7 21.Rd4 
Be6 22.f3 Qe7 23.Bh4 g5 24.Bg3 Rc4 25.Rxc4 dxc4 26.Qd4 a6 27.Qb6 Qd7 28.
Rd1 Qc8 29.Qd4 Nd7 30.Nd5 Bxd5 31.Qxd5 Nf8 32.Rc1 axb5 33.Qxb5 Qe8 34.Qb6 
Ra6 35.Qd4 b5 36.h4 Qd7 37.Qc5 Qa7 38.Qxa7 Rxa7 1/2-1/2

[Event "Politiken zt"]
[Site "Munkebo"]
[Date "1998.09.19"]
[Round "4.5"]
[White "Gausel, Einar"]
[Black "Djurhuus, Rune"]
[Result "1/2-1/2"]
[WhiteElo "2540"]
[BlackElo "2495"]
[EventDate "1998.09.10"]
[PlyCount "105"]

1.d4 Nf6 2.Nf3 g6 3.g3 Bg7 4.Bg2 O-O 5.O-O c5 6.c4 d6 7.b3 d5 8.cxd5 Nxd5 
9.Bb2 Nc6 10.e3 Bg4 11.h3 Bxf3 12.Qxf3 Ndb4 13.Na3 cxd4 14.Rfd1 e5 15.Nc4 
a5 16.a3 Na6 17.exd4 exd4 18.Rac1 Re8 19.Nd2 Nc7 20.Qd3 Nd5 21.Qb5 Nc3 22.
Bxc3 dxc3 23.Ne4 Nd4 24.Qf1 Qe7 25.Nxc3 Qxa3 26.Rb1 Qc5 27.Nd5 Rad8 28.
Rbc1 Qa3 29.Nc7 Ne2+ 30.Kh2 Nxc1 31.Nxe8 Rxe8 32.Rxc1 Qxb3 33.Rc7 b5 34.
Rb7 b4 35.Qb5 Rf8 36.Bd5 Qb2 37.Rxf7 Kh8 38.Qc5 Rxf7 39.Bxf7 Qc3 40.Qxa5 
Bf8 41.Qa8 Kg7 42.Bd5 Qf6 43.Qa7+ Qe7 44.Qd4+ Qf6 45.Qe3 h5 46.h4 Qe7 47.
Qd3 Qf6 48.f4 Qc3 49.Qb5 Qc2+ 50.Kh3 Qf5+ 51.Kh2 Qc2+ 52.Kh3 Qf5+ 53.Kh2 
1/2-1/2

[Event "Politiken zt"]
[Site "Munkebo"]
[Date "1998.09.19"]
[Round "4.6"]
[White "Wedberg, Tom"]
[Black "Gausel, Einar"]
[Result "0-1"]
[WhiteElo "2475"]
[BlackElo "2540"]
[EventDate "1998.09.10"]
[PlyCount "88"]

1.e4 e6 2.d4 d5 3.Nc3 Nf6 4.Bg5 Bb4 5.e5 h6 6.Bd2 Bxc3 7.bxc3 Ne4 8.Bd3 
Nxd2 9.Qxd2 c5 10.f4 Qa5 11.Nf3 Nc6 12.g4 h5 13.gxh5 Rxh5 14.h4 g6 15.Rg1 
Rh8 16.Rh1 Bd7 17.Rb1 c4 18.Be2 O-O-O 19.Kf2 Rdf8 20.Rhg1 Ne7 21.Rh1 Nf5 
22.Rbg1 Qd8 23.Rg4 Rh6 24.Qc1 Rfh8 25.Qa3 Nxh4 26.Ng5 Qe8 27.Qxa7 Nf5 28.
Rb1 Rh2+ 29.Kf3 Bc6 30.a4 Qe7 31.Rgg1 Qa3 32.Qa8+ Kc7 33.Qa5+ Kd7 34.Rbd1 
Qxa4 35.Qxa4 Bxa4 36.Rc1 Ke7 37.Rgf1 R8h4 38.Rg1 b5 39.Rgf1 b4 40.Ra1 Bxc2
41.Ra7+ Ke8 42.Ra8+ Kd7 43.Ra7+ Kc8 44.Rfa1 R4h3+ 0-1

[Event "Politiken zt"]
[Site "Munkebo"]
[Date "1998.09.19"]
[Round "5.1"]
[White "Wedberg, Tom"]
[Black "Gausel, Einar"]
[Result "1-0"]
[WhiteElo "2475"]
[BlackElo "2540"]
[EventDate "1998.09.10"]
[PlyCount "99"]

1.e4 c6 2.d4 d5 3.Nd2 dxe4 4.Nxe4 Bf5 5.Ng3 Bg6 6.h4 h6 7.Nf3 Nd7 8.h5 Bh7
9.Bd3 Bxd3 10.Qxd3 Qc7 11.Bd2 e6 12.O-O-O Ngf6 13.Ne4 Nxe4 14.Qxe4 Nf6 15.
Qe2 Bd6 16.Ne5 O-O-O 17.c4 c5 18.Bc3 cxd4 19.Bxd4 Bxe5 20.Bxe5 Qa5 21.a3 
Ng4 22.Bd6 Qg5+ 23.f4 Qf5 24.c5 Nf6 25.Rh3 Qe4 26.Re3 Qc6 27.b4 a6 28.Qc2 
Nd5 29.Rg3 Rhg8 30.f5 Nf6 31.fxe6 fxe6 32.Re3 Rge8 33.Rde1 Nxh5 34.Rxe6 
Nf6 35.Be7 Qd5 36.c6 b5 37.R6e5 Qd4 38.Qf5+ Kb8 39.Bxd8 Qc3+ 40.Kd1 Rxd8+ 
41.Ke2 Ng4 42.c7+ Qxc7 43.Re4 Qc2+ 44.Kf1 Nf6 45.Qf4+ Ka8 46.R4e2 Qc8 47.
Qf3+ Nd5 48.Kg1 Qc6 49.Rd1 Rd7 50.Red2 1-0

[Event "Politiken zt"]
[Site "Munkebo"]
[Date "1998.09.19"]
[Round "5.2"]
[White "Gausel, Einar"]
[Black "Wedberg, Tom"]
[Result "1/2-1/2"]
[WhiteElo "2540"]
[BlackElo "2475"]
[EventDate "1998.09.10"]
[PlyCount "106"]

1.d4 Nf6 2.Nf3 e6 3.e3 d5 4.c4 c5 5.Nc3 Nc6 6.a3 a6 7.dxc5 Bxc5 8.b4 Ba7 
9.Bb2 O-O 10.Qc2 Qe7 11.Rd1 Rd8 12.Be2 dxc4 13.Rxd8+ Nxd8 14.Bxc4 Bd7 15.
O-O Rc8 16.Bd3 h6 17.Qe2 Bb8 18.e4 Bc6 19.Re1 Nd7 20.Nd1 Ba4 21.Ne3 Nc6 
22.Ng4 h5 23.Ne3 Nce5 24.Bxe5 Bxe5 25.Bxa6 Rc7 26.Bb5 Bxb5 27.Qxb5 Bb2 28.
Qxh5 Bxa3 29.Qa5 Rc3 30.b5 Rc8 31.Rd1 Bc5 32.Qd2 Nf6 33.e5 Nh7 34.Ng4 Nf8 
35.h4 Bb6 36.h5 Rd8 37.Qe2 Rxd1+ 38.Qxd1 Qb4 39.Ng5 Qxb5 40.h6 Qd5 41.Qf3 
Qxf3 42.gxf3 Bd8 43.Ne4 b5 44.hxg7 Kxg7 45.Kf1 Ng6 46.Ke2 Bb6 47.Kd3 b4 
48.Kc4 b3 49.Kxb3 Bd4 50.Kc4 Bxe5 51.Nd2 f5 52.Ne3 Bf4 53.Kd3 Bxe3 1/2-1/2